Word Ladder: 83rd Academy Awards Quiz Stats

 Plays Quiz Updated Mar 11, 2018

Challenge
Share
Tweet
Embed
Score 0/37 Timer 04:00
1 Play Today
Clue 4-Letter Word % Correct
Earth's satelliteMOON
93.8%
Before noon (short form)MORN
93.2%
★ ''Strangers No ____'' ★★ MORE ★
92.1%
★ ''Coming ____'' ★ (Best Original Song)★ HOME ★
91.5%
Animated characterTOON
89.9%
★ ''Rabbit ____'' ★★ HOLE ★
88.9%
★ ''____ Man 2'' ★★ IRON ★
88.6%
Spy in a government agencyMOLE
88.5%
★ '' ____ Legacy'' ★★ TRON ★
85.4%
Musical groupBAND
83.9%
Covering for the faceMASK
82.8%
Credit unionBANK
81.7%
Chore; small jobTASK
78.9%
★ ''The Way ____'' ★★ BACK ★
78.8%
Classic ''____ Back Little Sheba''COME
78.6%
Street; alleywayLANE
76.5%
BatheWASH
75.6%
★ ''Waste ____'' ★★ LAND ★
75.3%
Dumb, like a jokeLAME
75%
Clue 4-Letter Word % Correct
Grain mix for cows and horsesMASH
72.2%
Join together; combineTACK
69.5%
Sprinkle through a sieveSIFT
67.1%
★ ''Exit Through the ____ Shop'' ★★ GIFT ★
64.5%
Finer than sandSILT
63.9%
''Up's'' ____ of shameCONE
59.6%
Center part of a churchNAVE
59.2%
★ ''Killing the ____'' ★★ NAME ★
57.8%
★ '' ____ '' ★ (Starring Angelina Jolie)★ SALT ★
55.7%
Main part or ideaGIST
55.1%
Talk enthusiasticallyRAVE
54.7%
★ ''____ 143'' ★★ WISH ★
52.4%
★ ''Winter's ____'' ★★ BONE ★
52%
Past tense of to witWIST
50.1%
Wander; roamROVE
49%
★ ''God of ____'' ★★ LOVE ★
47.8%
Ore depositLODE
44.2%
Omen; portendBODE
38.7%

Today's Daily Dose

Word Ladder
Anchorman

Get the Picture
'Head' Bands

You're not logged in!

Compare scores with friends on all Sporcle quizzes.
OR
Log In

You Might Also Like...

Show Comments

Extras

Top Quizzes Today


Score Distribution

Your Account Isn't Verified!

In order to create a playlist on Sporcle, you need to verify the email address you used during registration. Go to your Sporcle Settings to finish the process.

Report this User

Report this user for behavior that violates our Community Guidelines.

Details: